Situación de la economía de El Salvador
Salvato in:
| Ente Autore: | |
|---|---|
| Natura: | testo |
| Pubblicazione: |
México D.F.:
CINAS
|
| Tags: |
Aggiungi Tag
Nessun Tag, puoi essere il primo ad aggiungerne!!
|
MARC
| LEADER | 00000 a a2200000 04500 | ||
|---|---|---|---|
| 001 | 21703 | ||
| 003 | |||
| 040 | |a CRAI/IIS |c CRAI/IIS | ||
| 090 | |a 096900 | ||
| 110 | |a Centro de Investigación y Acción Social | ||
| 245 | |a Situación de la economía de El Salvador | ||
| 260 | |a México D.F.: |b CINAS | ||
| 300 | |a 12 p. | ||
| 999 | |c 15250 |d 15250 | ||
